Missing Word: 'R' History Figures Quiz Stats

Quiz Updated Jul 19, 2016

Challenge
Share
Tweet
Embed
Score 0/24 Timer 04:00
0 Plays Today
Historical Figure Missing Word % Correct
Ronald ______Reagan
99.4%
Jack the ______Ripper
97.4%
Theodore ______Roosevelt
96.9%
______ ParksRosa
95.6%
______ the LionheartRichard
94.3%
______ BradburyRay
87.5%
Erik the ______Red
85.2%
Paul ______Revere
85%
Ayn ______Rand
82.6%
Betsy ______Ross
82.6%
______ Bader GinsburgRuth
80.8%
______ DescartesRené
80.3%
Historical Figure Missing Word % Correct
Sally ______Ride
77.4%
Erwin ______Rommel
67%
Grigori ______Rasputin
62%
Pierre-Auguste ______Renoir
55.9%
Bertrand ______Russell
54.9%
Maximilien de ______Robespierre
49.3%
Jean Jacques ______Rousseau
49.2%
Syngman ______Rhee
27%
______ KhomeiniRuhollah
18.4%
______ MenchúRigoberta
11%
Santiago ______ y CajalRamón
7.9%
Alexei ______Rykov
3.3%

Today's Daily Dose

Missing Word
Actress of Thrones

Word Ladder
Black Phrases

Quick Pick
'B' Beverages

On This Day
February 21st II

You're not logged in!

Compare scores with friends on all Sporcle quizzes.
Sign Up with Email
OR
Log In

You Might Also Like...

Show Comments

Extras

Top Quizzes Today


Score Distribution

Your Account Isn't Verified!

In order to create a playlist on Sporcle, you need to verify the email address you used during registration. Go to your Sporcle Settings to finish the process.